<?xml version="1.0" encoding="UTF-8"?><collection xmlns="info:lc/xmlns/marcxchange-v2"><record format="Unimarc" type="bibliographic"><leader>00862c   02200265  04500</leader><controlfield tag="001">2046669</controlfield><controlfield tag="003">http://id.bnportugal.gov.pt/bib/porbase/2046669</controlfield><controlfield tag="005">20030422094600.0</controlfield><datafield ind1=" " ind2=" " tag="010"><subfield code="a">0-934613-01-X</subfield></datafield><datafield ind1=" " ind2=" " tag="035"><subfield code="1">14568</subfield></datafield><datafield ind1=" " ind2=" " tag="095"><subfield code="a">PTBN00119904</subfield></datafield><datafield ind1=" " ind2=" " tag="100"><subfield code="a">19870408         m   0pora0103    ba</subfield></datafield><datafield ind1="0" ind2=" " tag="101"><subfield code="a">eng</subfield></datafield><datafield ind1=" " ind2=" " tag="102"><subfield code="a">US</subfield></datafield><datafield ind1="1" ind2=" " tag="200"><subfield code="a">Readings in Knowledge representation</subfield><subfield code="f">Ed. byRonald J. Brachman and Hector J. Levesque</subfield></datafield><datafield ind1=" " ind2=" " tag="210"><subfield code="a">Los Altos, California</subfield><subfield code="c">Morgan Kaufmann Publishers, Inc.</subfield><subfield code="d">1985</subfield></datafield><datafield ind1=" " ind2=" " tag="215"><subfield code="a">XIX, 571 p.</subfield><subfield code="c">il.</subfield><subfield code="d">27 cm</subfield></datafield><datafield ind1=" " ind2=" " tag="675"><subfield code="a">62</subfield><subfield code="v">BN</subfield><subfield code="z">por</subfield><subfield code="3">288207</subfield></datafield><datafield ind1=" " ind2="1" tag="702"><subfield code="a">Brachman</subfield><subfield code="b">Ronald J.</subfield><subfield code="4">340</subfield><subfield code="3">331287</subfield></datafield><datafield ind1=" " ind2="1" tag="702"><subfield code="a">Levesque</subfield><subfield code="b">Hector J.</subfield><subfield code="4">340</subfield><subfield code="3">1559875</subfield></datafield><datafield ind1=" " ind2="0" tag="801"><subfield code="a">PT</subfield><subfield code="b">BN</subfield><subfield code="g">RPC</subfield></datafield><datafield ind1=" " ind2=" " tag="977"><subfield code="1">C1230-REA</subfield><subfield code="2">coop</subfield><subfield code="4">UCEE</subfield><subfield code="6">mq185406</subfield><subfield code="7">bc</subfield><subfield code="8">coop</subfield><subfield code="9">UCEE</subfield><subfield code="b">4545</subfield><subfield code="k">0</subfield></datafield><datafield ind1=" " ind2=" " tag="977"><subfield code="1">IV-2/P</subfield><subfield code="2">coop</subfield><subfield code="3">0</subfield><subfield code="4">UCPCE</subfield><subfield code="6">+297</subfield><subfield code="7">bc</subfield><subfield code="8">COOP</subfield><subfield code="9">UCPCE</subfield><subfield code="k">0</subfield></datafield><datafield ind1=" " ind2=" " tag="998"><subfield code="a">UCEE1 - 00307</subfield></datafield></record></collection>